000 00258nam a22001097a 4500
040 _cSY
082 _a633
100 _aអ៊ុក កូម៉ារ៉ា
245 _aដំណាំមេកាកាវ
260 _aRUA
_bអ៊ុក
_c1996
942 _cKB
999 _c9149
_d9149